[Event "BUL-chT 54th"]
[Site "Plovdiv"]
[Date "2004.11.20"]
[Round "1.4"]
[White "Velikov, Petar"]
[Black "Dimitrov, Plamen"]
[Result "1-0"]
[WhiteElo "2442"]
[BlackElo "2206"]
[PlyCount "75"]
[EventDate "2004.11.20"]
[EventType "team-swiss"]
[EventRounds "7"]
[EventCountry "BUL"]
[SourceTitle "EXT 2006"]
[Source "ChessBase"]
[SourceDate "2005.11.24"]
[SourceVersion "1"]
[SourceVersionDate "2005.11.24"]
[SourceQuality "1"]
[WhiteTeam "Sofia Lokomotiv"]
[BlackTeam "Varna Georgi Daskalov"]
[WhiteTeamCountry "BUL"]
[BlackTeamCountry "BUL"]

1. c4 Nf6 2. g3 e5 3. Bg2 Nc6 4. Nc3 Bb4 5. Nd5 Nxd5 6. cxd5 Ne7 7. e3 Nf5 8. Qc2 Ne7 9. Nf3 Bd6 10. Ng5 f5 11. f4 e4 12. g4 h6 13. Nh3 g6 14. gxf5 gxf5 15. d3 Nxd5 16. dxe4 Qh4+ 17. Nf2 Rg8 18. 0-0 fxe4 19. Nxe4 Be7 20. Ng3 c6 21. Nf5 Qh5 22. Nxe7 Nxe7 23. f5 Qf7 24. e4 d5 25. Kh1 dxe4 26. f6 Nd5 27. Qxe4+ Kd8 28. Bxh6 Be6 29. Rae1 Re8 30. Qe5 Kd7 31. Bf4 Qf8 32. Bg3 Bg4 33. Qg5 Be6 34. f7 Re7 35. Rxe6 Rxe6 36. Bh3 Rc8 37. Qg6 Qe7 38. Bxe6+ 1-0

[Event "BUL-chT"]
[Site "Plovdiv"]
[Date "2003.11.07"]
[Round "4"]
[White "Popov, Petar"]
[Black "Dimitrov, Plamen"]
[Result "1/2-1/2"]
[WhiteElo "2308"]
[BlackElo "2203"]
[PlyCount "66"]
[EventDate "2003.11.??"]
[EventType "team"]
[EventRounds "9"]
[EventCountry "BUL"]
[SourceTitle "CBM 097 Extra"]
[Source "ChessBase"]
[SourceDate "2004.01.13"]
[SourceVersion "1"]
[SourceVersionDate "2004.01.13"]
[SourceQuality "1"]

1. c4 Nf6 2. Nc3 e6 3. e3 c5 4. Nf3 Nc6 5. g3 d5 6. cxd5 exd5 7. d4 Bg4 8. Bg2 Be7 9. h3 Bf5 10. 0-0 0-0 11. a3 Ne4 12. Ne2 c4 13. Nd2 Nxd2 14. Bxd2 Bd3 15. Re1 Bxe2 16. Qxe2 Qd7 17. Bc3 f5 18. b3 b5 19. bxc4 bxc4 20. Qf3 Rfd8 21. Reb1 Bf8 22. a4 a6 23. Rb2 Ne7 24. g4 g6 25. Qg3 Kh8 26. a5 Nc6 27. Rab1 Bd6 28. Qf3 Bc7 29. Rb7 Na7 30. Qxd5 Qxd5 31. Bxd5 Rxd5 32. Rxc7 Nb5 33. Re7 Nxc3 1/2-1/2

[Event "BUL-chT"]
[Site "Plovdiv"]
[Date "2003.11.06"]
[Round "3"]
[White "Dimitrov, Plamen"]
[Black "Dimitrov, Vladimir"]
[Result "0-1"]
[WhiteElo "2203"]
[BlackElo "2459"]
[PlyCount "80"]
[EventDate "2003.11.??"]
[EventType "team"]
[EventRounds "9"]
[EventCountry "BUL"]
[SourceTitle "CBM 097 Extra"]
[Source "ChessBase"]
[SourceDate "2004.01.13"]
[SourceVersion "1"]
[SourceVersionDate "2004.01.13"]
[SourceQuality "1"]

1. d4 Nf6 2. Nf3 e6 3. c4 b6 4. Nc3 Bb4 5. Qc2 Bb7 6. a3 Bxc3+ 7. Qxc3 d6 8. e3 0-0 9. Be2 Ne4 10. Qc2 f5 11. b3 Nd7 12. Bb2 Ndf6 13. 0-0 Ng4 14. Nd2 Qh4 15. Bxg4 Nxd2 16. Qxd2 Bxg2 17. f4 Bxf1 18. Bf3 Bh3 19. Bxa8 Rxa8 20. Qf2 Qh6 21. Kh1 d5 22. Rg1 Bg4 23. Rg3 Bd1 24. cxd5 exd5 25. Qd2 Qh5 26. b4 Bf3+ 27. Kg1 Be4 28. Kf1 Rf8 29. Qe2 Qe8 30. Kg1 Rf6 31. b5 c6 32. a4 cxb5 33. axb5 Rf7 34. Ba3 Rc7 35. Qb2 Qh5 36. Bc5 bxc5 37. b6 axb6 38. Qxb6 Qd1+ 39. Kf2 Qc2+ 40. Kg1 Qb1+ 0-1

[Event "BUL-chT"]
[Site "Borovetz"]
[Date "2002.09.21"]
[Round "3"]
[White "Dimitrov, Plamen"]
[Black "Stefanov, Krasimir"]
[Result "1/2-1/2"]
[WhiteElo "2235"]
[BlackElo "2362"]
[PlyCount "100"]
[EventDate "2002.09.19"]
[EventType "team-tourn"]
[EventRounds "7"]
[EventCountry "BUL"]
[SourceTitle "EXT 2006"]
[Source "ChessBase"]
[SourceDate "2005.11.24"]
[SourceVersion "1"]
[SourceVersionDate "2005.11.24"]
[SourceQuality "1"]

1. d4 e6 2. c4 c5 3. d5 exd5 4. cxd5 Nf6 5. Nc3 g6 6. e4 d6 7. f4 Bg7 8. Bb5+ Nfd7 9. Be2 a6 10. a4 0-0 11. Nf3 Re8 12. 0-0 Qa5 13. Bd2 c4 14. Kh1 Qc5 15. Qc2 Nf6 16. a5 Nbd7 17. Na4 Qc7 18. e5 dxe5 19. fxe5 Nxd5 20. Bxc4 Nxe5 21. Nxe5 Rxe5 22. Nb6 Rh5 23. Bf4 Nxf4 24. Nxa8 Qb8 25. Bxf7+ Kh8 26. Rxf4 Be5 27. Rc4 Bf5 28. Qe2 Rxh2+ 29. Kg1 Rh6 30. Re1 Bh2+ 31. Kf1 Bg3 32. Qe8+ Qxe8 33. Rxe8+ Kg7 34. Re3 Rh1+ 35. Ke2 Re1+ 36. Kf3 Rxe3+ 37. Kxe3 Kxf7 38. Rb4 Bc8 39. Nb6 Be6 40. Nc4 Bd5 41. Nd2 Bc7 42. Rd4 Ke6 43. Nf3 Bxa5 44. Ra4 Bb6+ 45. Kf4 h6 46. Ra1 Bc7+ 47. Kg4 Kf6 48. Re1 h5+ 49. Kh4 Kf5 50. Rg1 Bc6 1/2-1/2

[Event "BUL-chT"]
[Site "Borovetz"]
[Date "2002.09.19"]
[Round "1"]
[White "Dimitrov, Plamen"]
[Black "Bratanov, Zsivko"]
[Result "1/2-1/2"]
[WhiteElo "2235"]
[BlackElo "2438"]
[PlyCount "101"]
[EventDate "2002.09.19"]
[EventType "team-tourn"]
[EventRounds "7"]
[EventCountry "BUL"]
[SourceTitle "EXT 2006"]
[Source "ChessBase"]
[SourceDate "2005.11.24"]
[SourceVersion "1"]
[SourceVersionDate "2005.11.24"]
[SourceQuality "1"]

1. d4 d6 2. c4 Nf6 3. Nc3 Bf5 4. g3 Ne4 5. Bg2 Nxc3 6. bxc3 Nc6 7. e4 Bd7 8. Nf3 g6 9. Be3 Bg7 10. Rb1 Na5 11. Nd2 0-0 12. 0-0 b6 13. f4 c5 14. Qe2 Rc8 15. Rfc1 e5 16. d5 Qe7 17. Qd3 Rce8 18. Re1 exf4 19. Bxf4 g5 20. Be3 f5 21. Bf2 Qf6 22. Be3 f4 23. Rf1 Qe5 24. gxf4 gxf4 25. Bf2 Qxc3 26. Qe2 Bd4 27. Kh1 Bxf2 28. Rxf2 Kh8 29. Rbf1 Qe5 30. Nf3 Bg4 31. Qc2 Bxf3 32. Bxf3 Re7 33. Bg2 Rf6 34. Qe2 Rf8 35. Re1 Qd4 36. Rc1 Rg7 37. Bh3 Nxc4 38. Rxc4 Rfg8 39. Rc1 Qc3 40. Qf1 Rg1+ 41. Qxg1 Rxg1+ 42. Rxg1 Qxh3 43. Rxf4 Qc8 44. Rgf1 Kg8 45. Rf6 Qe8 46. Re6 Qb5 47. Rf2 Qd3 48. Rg2+ Kf7 49. Rf2+ Kg8 50. Rg2+ Kf7 51. Rf2+ 1/2-1/2

[Event "BUL-chT"]
[Site "Pamporovo"]
[Date "2001.10.03"]
[Round "1"]
[White "Dimitrov, Plamen"]
[Black "Marholev, Dimitar"]
[Result "0-1"]
[WhiteElo "2266"]
[BlackElo "2308"]
[PlyCount "122"]
[EventDate "2001.10.03"]
[EventType "team"]
[EventRounds "7"]
[EventCountry "BUL"]
[SourceTitle "CBM 084 Extra"]
[Source "ChessBase"]
[SourceDate "2001.10.26"]
[SourceVersion "1"]
[SourceVersionDate "2001.10.26"]
[SourceQuality "1"]

1. d4 Nf6 2. c4 g6 3. Nc3 Bg7 4. e4 d6 5. f4 0-0 6. Nf3 c5 7. d5 e6 8. Be2 exd5 9. cxd5 Bg4 10. 0-0 Nbd7 11. Re1 Re8 12. h3 Bxf3 13. Bxf3 a6 14. a4 c4 15. Be3 Rc8 16. Bd4 Nc5 17. e5 Nd3 18. Re2 Nd7 19. Ne4 Nxf4 20. Nxd6 Nxe2+ 21. Bxe2 Bxe5 22. Nxe8 Qxe8 23. Bg4 Rd8 24. Bf3 b5 25. Qd2 Bxd4+ 26. Qxd4 Ne5 27. Rf1 Qe7 28. Be4 Qd6 29. Kh1 f5 30. Bc2 Qxd5 31. Qa7 Qc6 32. Re1 Rd2 33. Be4 fxe4 34. Qb8+ Kg7 35. Qxe5+ Qf6 36. Qxe4 Rxb2 37. Rd1 Kh6 38. Rd7 Rf2 39. Rd4 Rf1+ 40. Kh2 Re1 41. Qxe1 Qxd4 42. Qc1+ Kg7 43. Qg5 Qd6+ 44. Kh1 b4 45. Qe3 c3 46. Qa7+ Kf6 47. Qf2+ Ke5 48. Qe3+ Kd5 49. Qd3+ Kc5 50. Qe4 b3 51. Qe3+ Kb4 52. a5 b2 53. Qe4+ Kb3 54. Qb7+ Kc2 55. Qe4+ Qd3 56. Qa4+ Kc1 57. Qa3 Qf1+ 58. Kh2 Qf4+ 59. Kg1 Qd4+ 60. Kf1 c2 61. Ke2 Kb1 0-1

[Event "BUL-chT"]
[Site "Bankia"]
[Date "1991.??.??"]
[Round "1"]
[White "Avramov, Anton"]
[Black "Dimitrov, Plamen"]
[Result "1/2-1/2"]
[WhiteElo "2255"]
[BlackElo "2270"]
[PlyCount "107"]
[EventDate "1991.??.??"]
[EventType "team"]
[EventRounds "8"]
[EventCountry "BUL"]
[SourceTitle "EXT 1998"]
[Source "ChessBase"]
[SourceDate "1997.11.17"]
[SourceVersion "1"]
[SourceVersionDate "1997.11.17"]
[SourceQuality "1"]

1. d4 Nf6 2. c4 e6 3. Nc3 Bb4 4. Qc2 0-0 5. Nf3 b6 6. a3 Bxc3+ 7. Qxc3 Bb7 8. g3 d6 9. Bg2 Nbd7 10. 0-0 Ne4 11. Qc2 f5 12. Ng5 Nxg5 13. Bxb7 Rb8 14. Bg2 h6 15. f4 Nh7 16. e4 Qe8 17. Bd2 Qh5 18. Rae1 Nhf6 19. e5 dxe5 20. fxe5 Nh7 21. d5 Rbe8 22. b4 Kh8 23. Qa4 Re7 24. d6 cxd6 25. exd6 Ref7 26. Rxe6 f4 27. Rxf4 Ng5 28. Re1 Nh3+ 29. Bxh3 Qxh3 30. Qc6 Nf6 31. Qg2 Qd7 32. c5 g5 33. Rxf6 Rxf6 34. Bc3 bxc5 35. bxc5 Qf5 36. Bd4 Kg8 37. Bxf6 Qxc5+ 38. Kh1 Rxf6 39. d7 Rf8 40. Qa2+ Kh7 41. Qb2 Qd5+ 42. Qg2 Qxd7 43. Qe4+ Kg7 44. Qe5+ Kg8 45. Qe6+ Qf7 46. Kg2 Kg7 47. Qxf7+ Rxf7 48. Re6 Rb7 49. Ra6 Rf7 50. Kh3 h5 51. Kg2 Kh7 52. a4 Kg7 53. Rc6 Kh7 54. Ra6 1/2-1/2

[Event "BUL-chT"]
[Site "Bankia"]
[Date "1991.??.??"]
[Round "7"]
[White "Dimitrov, Plamen"]
[Black "Orev, Petar"]
[Result "1/2-1/2"]
[WhiteElo "2270"]
[BlackElo "2310"]
[PlyCount "116"]
[EventDate "1991.??.??"]
[EventType "team"]
[EventRounds "8"]
[EventCountry "BUL"]
[SourceTitle "EXT 1998"]
[Source "ChessBase"]
[SourceDate "1997.11.17"]
[SourceVersion "1"]
[SourceVersionDate "1997.11.17"]
[SourceQuality "1"]

1. d4 Nc6 2. Nf3 d6 3. d5 Ne5 4. Nxe5 dxe5 5. e4 Nf6 6. Bb5+ Bd7 7. Qe2 a6 8. Bxd7+ Qxd7 9. 0-0 e6 10. c4 Bc5 11. Bg5 Qe7 12. Nc3 h6 13. Be3 Bd4 14. Qd3 Bxc3 15. Qxc3 Nxe4 16. Qxe5 exd5 17. Qxd5 c6 18. Qa5 0-0 19. Rfe1 Rfe8 20. Rad1 Rad8 21. Rxd8 Qxd8 22. Qxd8 Rxd8 23. f3 Ng5 24. Kf2 Ne6 25. g4 Kf8 26. h4 b5 27. Rc1 b4 28. h5 a5 29. Rc2 b3 30. axb3 Rb8 31. Rc3 a4 32. Ke2 axb3 33. f4 g6 34. hxg6 fxg6 35. f5 Ng5 36. Bxg5 hxg5 37. fxg6 Kg7 38. Rd3 Re8+ 39. Re3 Rd8 40. Rd3 Re8+ 41. Re3 Rd8 42. Re6 c5 43. Rc6 Rd4 44. Rxc5 Rxg4 45. Kd2 Kxg6 46. Kc3 Rg3+ 47. Kb4 Rf3 48. Rc8 Kf7 49. c5 Ke7 50. c6 Rf5 51. Kxb3 Rb5+ 52. Ka3 Kd6 53. b4 Rb6 54. Ka4 Rxc6 55. Rg8 Kc7 56. Ka5 Kb7 57. Rg7+ Rc7 58. Rxg5 Rf7 1/2-1/2